000
00247nam a2200097Ia 4500
001
726313
005
20250826163426.0
008
250824s9999 xx 000 0 und d
245
0
_a
LEYLEK HAVADA
_c
LEYLA RUHAN OKYAY
260
_b
GÜNIŞIĞI KİTAPLIĞI
999
_c
726313
_d
726313